[Event "Druzynowe Mistrzostwa Polski - II Liga 2023"]
[Site "Jastrzebia Gora"]
[Date "1899-12-30"]
[Round "6.119"]
[White "Kotula, Pawel"]
[Black "Motyl, Tomasz"]
[Result "1/2-1/2"]
[WhiteTitle "I"]
[BlackTitle "I++"]
[WhiteElo "1712"]
[BlackElo "1787"]

1. d4 d5 2. e3 Nf6 3. Bd3 c5 4. c3 Qc7 5. f4 g6 6. Nf3 Bf5 7. O-O Nbd7 8. Ne5 Bxd3
9. Qxd3 Bg7 10. Nd2 O-O 11. h3 a6 12. b3 b5 13. Ba3 Rfc8 14. Rfc1 e6 15. c4 dxc4
16. bxc4 b4 17. Bb2 a5 18. Rab1 Rd8 19. Qc2 Qb7 20. Qa4 Nxe5 21. fxe5 Bh6 22.
Nf1 Ne4 23. Rd1 Qe7 24. Qc2 Qh4 25. Qe2 Rd7 26. Rd3 Rad8 27. Rbd1 a4 28. Nh2 Qg3
29. Nf3 a3 30. Ba1 Ng5 31. Nxg5 Qxg5 32. Qf3 Qf5 33. Qc6 Bf8 34. Qf3 1/2-1/2

[Event "Druzynowe Mistrzostwa Polski - II Liga 2023"]
[Site "Jastrzebia Gora"]
[Date "1899-12-30"]
[Round "6.120"]
[White "Woznica, Alicja"]
[Black "Szymura, Oliwia"]
[Result "1-0"]
[WhiteTitle "I+"]
[BlackTitle "II+"]
[WhiteElo "1429"]
[BlackElo "1176"]

1. d4 Nf6 2. Nf3 e6 3. Bf4 c5 4. c3 d5 5. e3 Nc6 6. Nbd2 Bd6 7. Bg3 O-O 8. Bd3
Qe7 9. Ne5 Nd7 10. Nxd7 Qxd7 11. O-O b6 12. f4 c4 13. Bc2 f6 14. Nf3 b5 15. Qb1
f5 16. Ne5 Bxe5 17. fxe5 Bb7 18. Bf4 h6 19. Qd1 a5 20. g4 g5 21. Bg3 Ne7 22. h4
Qe8 23. hxg5 hxg5 24. Kg2 b4 25. Rh1 Qf7 26. Rh5 Qg7 27. Qf3 Bc6 28. Rah1 Be8
29. Rh6 Bg6 30. Be1 fxg4 31. Qxg4 Nf5 32. Bxf5 Bxf5 33. Qh5 Be4+ 34. Kg1 Bxh1
35. Rg6 Qxg6 36. Qxg6+ Kh8 37. Qh6+ Kg8 38. Qxh1 Kf7 39. Qh7+ Ke8 40. Qb7 Rd8
41. Kg2 Rd7 42. Qa8+ Kf7 43. Qxa5 Kg6 44. Qxb4 Rff7 45. Qb8 Rb7 46. Qg8+ Kf5 47.
b4 cxb3 48. axb3 Rg7 49. Qf8+ Rgf7 50. Qa3 Ke4 51. Bf2 g4 52. Qb2 Kf5 53. Bh4
Kg6 54. Bf6 Rxf6 55. exf6 Kxf6 56. Qa3 Rf7 57. Qd6 Rg7 58. b4 Rg6 59. Qf8+ Kg5
60. Qf4+ Kh4 61. b5 Rg8 62. Qh6# 1-0

[Event "Druzynowe Mistrzostwa Polski - II Liga 2023"]
[Site "Jastrzebia Gora"]
[Date "1899-12-30"]
[Round "6.121"]
[White "Mrozowski, Patryk"]
[Black "Maj, Pawel"]
[Result "1/2-1/2"]
[WhiteTitle "I++"]
[BlackTitle "k"]
[WhiteElo "2118"]
[BlackElo "2208"]

1. e4 c5 2. Nf3 d6 3. d4 cxd4 4. Nxd4 Nf6 5. Nc3 a6 6. h3 g6 7. Be3 Bg7 8. g4 O-O
9. Qd2 Nc6 10. O-O-O Bd7 11. g5 Ne8 12. f3 Rc8 13. h4 Ne5 14. Be2 e6 15. f4 Nc4
16. Bxc4 Rxc4 17. h5 Qe7 18. Qh2 Bh8 19. e5 dxe5 20. fxe5 Bc6 21. Nxc6 bxc6 22.
Rd3 Nc7 23. Bf4 Nd5 24. Nxd5 exd5 25. Rh3 Rxf4 26. Qxf4 Bxe5 27. Qg4 Rb8 28. Rb3
Re8 29. hxg6 hxg6 30. Rbh3 Bg7 31. Qh4 Qe5 32. c3 c5 33. Rf1 Re6 34. Rhf3 d4 35.
Qf4 1/2-1/2

[Event "Druzynowe Mistrzostwa Polski - II Liga 2023"]
[Site "Jastrzebia Gora"]
[Date "1899-12-30"]
[Round "6.122"]
[White "Sielicki, Tomasz"]
[Black "Papka, Sebastian"]
[Result "0-1"]
[WhiteTitle "I++"]
[BlackTitle "k"]
[WhiteElo "1956"]
[BlackElo "2107"]

1. d4 Nf6 2. Bg5 Ne4 3. Bf4 d5 4. e3 e6 5. Bd3 b6 6. Nd2 Bb7 7. f3 Nxd2 8. Qxd2
Bd6 9. Bg3 c5 10. c3 Nc6 11. f4 c4 12. Bc2 f5 13. Nf3 O-O 14. Bh4 Qe8 15. O-O
b5 16. Kh1 a5 17. g4 b4 18. gxf5 exf5 19. Rg1 a4 20. Rae1 a3 21. b3 bxc3 22. Qg2
g6 23. Ne5 Bxe5 24. fxe5 Qd7 25. Bf6 cxb3 26. Bxb3 Nb4 27. Qh3 Rxf6 28. exf6 Rf8
29. e4 Rxf6 30. exf5 Ba6 31. Re6 Nd3 32. Qf3 Rxe6 33. fxe6 Qe7 34. Bxd5 c2 35.
Qe3 Bb7 36. Qf3 Nf2+ 37. Kg2 Nd1 38. Bxb7 c1=Q 39. Rxd1 Qb2+ 40. Kh1 Qbxb7 41.
Qxb7 Qxb7+ 42. d5 Kf8 43. Kg1 Ke7 44. d6+ Kxe6 45. d7 Qxd7 46. Rxd7 Kxd7 47. Kf2
Ke6 48. Ke3 Ke5 49. Kd3 g5 50. Kc3 g4 51. Kd3 h5 52. Ke3 h4 53. Kf2 Kd4 54. Ke2
Kc3 55. Ke3 g3 56. hxg3 hxg3 57. Kf3 Kb2 58. Kxg3 Kxa2 0-1

[Event "Druzynowe Mistrzostwa Polski - II Liga 2023"]
[Site "Jastrzebia Gora"]
[Date "1899-12-30"]
[Round "6.123"]
[White "Drozdowski, Konrad"]
[Black "Liberadzki, Slawomir"]
[Result "1/2-1/2"]
[WhiteTitle "k"]
[BlackTitle "k"]
[WhiteElo "2104"]
[BlackElo "1958"]

1. Nf3 c5 2. g3 Nc6 3. Bg2 e5 4. c4 g6 5. Nc3 Bg7 6. O-O Nge7 7. a3 O-O 8. Rb1
f5 9. d3 a5 10. Ne1 d6 11. Nc2 Rb8 12. b4 axb4 13. axb4 cxb4 14. Nd5 Nxd5 15.
Bxd5+ Kh8 16. Nxb4 Bd7 17. Be3 f4 18. Bd2 Qf6 19. Bg2 Nxb4 20. Rxb4 Bc6 21. Rb6
Rbc8 22. Bxc6 bxc6 23. Kg2 Qf5 24. Bb4 Rf6 1/2-1/2

[Event "Druzynowe Mistrzostwa Polski - II Liga 2023"]
[Site "Jastrzebia Gora"]
[Date "1899-12-30"]
[Round "6.124"]
[White "Pajak, Jakub"]
[Black "Zielinski, Olgierd"]
[Result "1/2-1/2"]
[WhiteTitle "I++"]
[BlackTitle "I+"]
[WhiteElo "1863"]
[BlackElo "1822"]

1. e4 e6 2. d4 d5 3. Nc3 Nf6 4. Bg5 dxe4 5. Nxe4 Be7 6. Nxf6+ Bxf6 7. Bxf6 Qxf6
8. c3 O-O 9. Qf3 Nd7 10. Bd3 Re8 11. Qxf6 Nxf6 12. Nf3 b6 13. Bb5 Bd7 14. Bxd7
Nxd7 15. O-O-O c5 16. Ne5 Nxe5 17. dxe5 Red8 18. f4 Kf8 19. a4 Ke7 20. Kc2 Rd5
21. c4 Rxd1 22. Rxd1 Rd8 23. Rxd8 Kxd8 24. Kd3 a5 25. g4 Ke8 26. h4 Kf8 27. Ke4
Kg8 28. b3 1/2-1/2

[Event "Druzynowe Mistrzostwa Polski - II Liga 2023"]
[Site "Jastrzebia Gora"]
[Date "1899-12-30"]
[Round "6.125"]
[White "Gorniewicz, Oskar"]
[Black "Szymczak, Rafal"]
[Result "0-1"]
[WhiteTitle "I"]
[BlackTitle "k"]
[WhiteElo "1889"]
[BlackElo "1843"]

1. e4 c6 2. Nc3 d5 3. Nf3 dxe4 4. Nxe4 Nf6 5. Nxf6+ exf6 6. Bc4 Qe7+ 7. Qe2 Qxe2+
8. Bxe2 g6 9. O-O Bg7 10. d4 O-O 11. Be3 Be6 12. Rfd1 Nd7 13. c4 Nb6 14. b3 Rfd8
15. a4 Bf8 16. h3 Nc8 17. Bd2 Nd6 18. a5 Re8 19. Kf1 Rad8 20. Be1 Ne4 21. b4 a6
22. b5 axb5 23. cxb5 cxb5 24. Bxb5 Re7 25. Rac1 Bd5 26. Bb4 Re6 27. Bc5 Bh6 28.
Ra1 Nc3 29. Bb6 Rxb6 30. axb6 Nxb5 31. Kg1 Kg7 32. Ra5 Nc3 33. Re1 Rd6 34. Rc5
Na4 35. Rc7 Rxb6 36. Ree7 Rb1+ 37. Kh2 Bf4+ 38. g3 Bxc7 39. Rxc7 0-1

[Event "Druzynowe Mistrzostwa Polski - II Liga 2023"]
[Site "Jastrzebia Gora"]
[Date "1899-12-30"]
[Round "6.126"]
[White "Baranska, Monika"]
[Black "Sivickis, Wiktoria"]
[Result "1/2-1/2"]
[WhiteTitle "I++"]
[BlackTitle "I++"]
[WhiteElo "1776"]
[BlackElo "1684"]

1. d4 Nf6 2. c4 c5 3. d5 b5 4. cxb5 a6 5. bxa6 Bxa6 6. Nc3 d6 7. e4 Bxf1 8. Kxf1
g6 9. g3 Bg7 10. Kg2 O-O 11. Nf3 Qb6 12. Qe2 Na6 13. Nd2 Nd7 14. Nc4 Qb4 15. Bd2
Nb6 16. Nxb6 Qxb6 17. Na4 Qb7 18. Bc3 Rfb8 19. Bxg7 Kxg7 20. b3 Nc7 21. Rhe1 Nb5
22. Qd3 Nd4 23. Nc3 Qa6 24. Qxa6 Rxa6 25. Rad1 Nb5 26. Nxb5 Rxb5 27. Rd2 e6 28.
dxe6 fxe6 29. e5 d5 30. Rc1 g5 31. f4 gxf4 32. gxf4 Rba5 33. Rcc2 Ra8 34. Kf3
Kf7 35. Rg2 c4 36. bxc4 Ra3+ 37. Kg4 Rg8+ 38. Kh4 Rxg2 39. Rxg2 dxc4 40. Rc2 Kg6
41. Rxc4 Rxa2 42. Kg4 h5+ 43. Kg3 Kf5 44. h3 Ra3+ 1/2-1/2

[Event "Druzynowe Mistrzostwa Polski - II Liga 2023"]
[Site "Jastrzebia Gora"]
[Date "1899-12-30"]
[Round "6.127"]
[White "Jedraszek, Pawel"]
[Black "Bielinski, Dariusz"]
[Result "0-1"]
[WhiteTitle "k"]
[BlackTitle "k+"]
[WhiteElo "2098"]
[BlackElo "2129"]

1. e4 d6 2. d4 g6 3. Nc3 Nf6 4. Be3 c6 5. a4 Nbd7 6. Qd2 Ng4 7. Bg5 h6 8. Bh4 Qc7
9. h3 Ngf6 10. Nf3 Bg7 11. Bc4 e5 12. O-O O-O 13. dxe5 dxe5 14. a5 g5 15. Bxg5
hxg5 16. Qxg5 Nh7 17. Qe7 Bf6 18. Qb4 Re8 19. Ne2 Ndf8 20. Ng3 Qe7 21. Qb3 Ng6
22. Rfe1 Nh4 23. Nh2 Bg5 24. Ng4 Nf6 25. Ne3 Rb8 26. Nef5 Nxf5 27. Nxf5 Bxf5 28.
exf5 Bh6 29. Ra3 Rbd8 30. Qg3+ Kh7 31. Rd3 Rxd3 32. cxd3 Nh5 33. Qg4 Nf6 34. Qh4
Nd5 35. Qe4 Nf6 36. Qh4 Kg7 37. Qg3+ Kf8 38. d4 Qb4 39. Qc3 Qxc3 40. bxc3 exd4
41. Rxe8+ Kxe8 42. cxd4 Bd2 43. a6 b5 44. Ba2 Bc3 45. g4 Bxd4 46. g5 Ne4 47. g6
fxg6 48. fxg6 Kf8 49. h4 Bxf2+ 50. Kg2 Bxh4 51. Kf3 Nc3 52. Be6 b4 53. Ke3 Bf6
54. Kd3 Ke7 55. Bf7 Kd6 56. Kc4 c5 57. Bg8 Na4 58. Kb5 Nb6 59. Bb3 Nd5 60. Bc4
Nc7+ 61. Ka5 Nd5 62. Kb5 Nc3+ 63. Ka5 Bd8# 0-1

[Event "Druzynowe Mistrzostwa Polski - II Liga 2023"]
[Site "Jastrzebia Gora"]
[Date "1899-12-30"]
[Round "6.128"]
[White "Kielbratowski, Aleksander"]
[Black "Ugorek, Kacper"]
[Result "0-1"]
[WhiteTitle "I+"]
[BlackTitle "I+"]
[WhiteElo "1969"]
[BlackElo "2004"]

1. e4 c5 2. d4 cxd4 3. c3 Nf6 4. e5 Nd5 5. Qxd4 e6 6. Nf3 Nc6 7. Qe4 d6 8. c4 Nc7
9. Nc3 d5 10. Qe2 dxc4 11. Bg5 Qd3 12. Rd1 Qxe2+ 13. Bxe2 h6 14. Bh4 b5 15. O-O
a6 16. Ne4 Nd5 17. Nd6+ Bxd6 18. exd6 Bb7 19. Nd4 Kd7 20. Bg3 Rhe8 21. Bf3 Nxd4
22. Rxd4 Bc6 23. Re1 Nb4 24. Rf4 f6 25. Bh5 Nd3 26. Rd1 e5 27. Rg4 g5 28. Bg6
Ke6 29. Bxd3 cxd3 30. f3 a5 31. Bf2 h5 32. Rg3 h4 33. Rg4 Red8 34. Rxd3 Rxd6 35.
Rxd6+ Kxd6 36. Be1 Bd5 37. Kf2 Bxa2 38. g3 hxg3+ 39. hxg3 Bb1 40. f4 Bf5 41. fxe5+
Kd5 42. Kf3 Bxg4+ 43. Kxg4 Kxe5 0-1

[Event "Druzynowe Mistrzostwa Polski - II Liga 2023"]
[Site "Jastrzebia Gora"]
[Date "1899-12-30"]
[Round "6.129"]
[White "Walaszczyk, Aleksander"]
[Black "Kielek, Andrzej"]
[Result "0-1"]
[WhiteTitle "I"]
[BlackTitle "I++"]
[WhiteElo "1693"]
[BlackElo "1897"]

1. e4 c5 2. Nf3 d6 3. d4 cxd4 4. Nxd4 Nf6 5. Nc3 g6 6. Be3 Bg7 7. f3 Nc6 8. Qd2
O-O 9. g4 Bd7 10. h4 h5 11. g5 Ne8 12. O-O-O Nc7 13. f4 Nxd4 14. Bxd4 Bg4 15.
Bxg7 Kxg7 16. Be2 Bxe2 17. Qxe2 Qc8 18. f5 Rb8 19. Rhf1 b5 20. e5 b4 21. Ne4 Nb5
22. fxg6 fxg6 23. exd6 exd6 24. Nxd6 Nxd6 25. Qe5+ Kh7 26. Qe7+ Kg8 27. Qxd6 Rb6
28. Qe7 Rb8 29. Rf6 Rxf6 30. gxf6 Qf8 31. Qe5 Re8 32. Qf4 Re6 33. Rf1 Qf7 34.
b3 a5 35. Qb8+ Kh7 36. Qd8 Re5 37. Rd1 Re8 38. Rd7 Rxd8 39. Rxf7+ Kh6 40. Ra7
Rf8 41. Ra6 Rf7 42. Kd2 g5 43. hxg5+ Kxg5 44. Rxa5+ Kg4 45. Rb5 Rxf6 46. Rxb4+
Kg3 47. Re4 Rf2+ 48. Kc3 h4 49. Re8 Rf3+ 50. Kb2 h3 51. Rg8+ Kf2 52. Rh8 Kg2 53.
a4 h2 54. Rxh2+ Kxh2 55. a5 Kg3 56. b4 Kf4 57. b5 Ke5 58. a6 Kd6 59. c4 Kc5 0-1

[Event "Druzynowe Mistrzostwa Polski - II Liga 2023"]
[Site "Jastrzebia Gora"]
[Date "1899-12-30"]
[Round "6.130"]
[White "Kielbratowski, Maciej"]
[Black "Sasin, Michal"]
[Result "0-1"]
[WhiteTitle "II+"]
[BlackTitle "I"]
[WhiteElo "1687"]
[BlackElo "1804"]

1. d4 Nf6 2. c4 e6 3. Nf3 d5 4. Bg5 h6 5. Bh4 Be7 6. e3 O-O 7. Nc3 b6 8. Rc1 Bb7
9. cxd5 exd5 10. Bd3 Nbd7 11. O-O c5 12. Qe2 Re8 13. Rfd1 Ne4 14. Bg3 Bf6 15.
Bb5 a6 16. Bxd7 Nxg3 17. hxg3 Qxd7 18. Qd2 c4 19. Qc2 b5 20. Ne2 b4 21. Nf4 g6
22. Kf1 a5 23. Ke1 a4 24. Qb1 Ba6 25. Kd2 Rac8 26. Rh1 Bg7 27. Ne5 Qd6 28. Ng4
h5 29. Nxh5 gxh5 30. Rxh5 c3+ 31. bxc3 bxc3+ 32. Rxc3 Rxc3 33. Kxc3 Qc6+ 34. Kd2
Qc4 35. Qh7+ Kf8 36. Nh6 Qe2+ 37. Kc3 Rc8+ 38. Kb4 Qb2+ 39. Ka5 Qb5# 0-1

[Event "Druzynowe Mistrzostwa Polski - II Liga 2023"]
[Site "Jastrzebia Gora"]
[Date "1899-12-30"]
[Round "6.131"]
[White "Duszczak, Filip"]
[Black "Kolodziejski, Grzegorz"]
[Result "1-0"]
[WhiteTitle "II"]
[BlackTitle "II"]
[WhiteElo "1450"]
[BlackElo "1552"]

1. e4 c5 2. Nc3 Nc6 3. Nf3 Nf6 4. Bb5 a6 5. Bxc6 dxc6 6. e5 Nd5 7. Ne4 Qb6 8. O-O
Bf5 9. Ng3 Bg4 10. Re1 e6 11. h3 Bxf3 12. Qxf3 Be7 13. c4 Nb4 14. Qb3 Rd8 15.
Re3 Bg5 16. Rc3 Qc7 17. a3 Qxe5 18. axb4 Qe1+ 19. Nf1 Bxd2 20. Bxd2 Qxa1 21. Rc1
Qxc1 22. Bxc1 O-O 23. bxc5 Rd7 24. Bf4 Rfd8 25. Bd6 Kh8 26. Nd2 Kg8 27. Nf3 f6
28. Qe3 Kf7 29. Qf4 Kg8 30. Qg4 Kf7 31. Nd4 Re8 32. Qh5+ Kg8 33. Qxe8# 1-0

[Event "Druzynowe Mistrzostwa Polski - II Liga 2023"]
[Site "Jastrzebia Gora"]
[Date "1899-12-30"]
[Round "6.132"]
[White "Dziopa, Malgorzata"]
[Black "Barwinska, Ewa"]
[Result "0-1"]
[WhiteTitle "I++"]
[BlackTitle "WCM"]
[WhiteElo "1727"]
[BlackElo "2030"]

1. d4 Nf6 2. c4 e6 3. Nc3 Bb4 4. Qc2 c5 5. Bd2 O-O 6. dxc5 Bxc5 7. e3 Nc6 8. Nf3
d5 9. Be2 d4 10. exd4 Bxd4 11. Nxd4 Nxd4 12. Qc1 e5 13. O-O Ne4 14. Bd3 Nc5 15.
Bc2 f5 16. Kh1 Be6 17. b3 Nxc2 18. Qxc2 Nd3 19. f3 Qd4 20. Be1 e4 21. f4 Rad8
22. Bh4 Rd7 23. Rad1 Bf7 24. Ne2 Qe3 25. Ng3 Nf2+ 26. Qxf2 Qxf2 27. Rxf2 Rxd1+
28. Rf1 Bh5 29. Kg1 Rxf1+ 30. Kxf1 Bd1 31. Ke1 Bc2 32. b4 Bd3 33. c5 g6 34. Be7
Re8 35. Bd6 Kf7 36. Kd2 Ke6 37. Kc3 Kd5 38. a3 Bb5 39. Be5 Rxe5 40. fxe5 f4 0-1

[Event "Druzynowe Mistrzostwa Polski - II Liga 2023"]
[Site "Jastrzebia Gora"]
[Date "1899-12-30"]
[Round "7.1"]
[White "Maciejczak, Jakub"]
[Black "Mickiewicz, Piotr"]
[Result "1/2-1/2"]
[WhiteTitle "FM"]
[BlackTitle "m"]
[WhiteElo "2360"]
[BlackElo "2255"]

1. e4 e5 2. Nf3 Nc6 3. Bb5 a6 4. Ba4 Nf6 5. O-O Be7 6. Re1 b5 7. Bb3 d6 8. c3 O-O
9. h3 Na5 10. Bc2 c5 11. d4 Qc7 12. Nbd2 cxd4 13. cxd4 Nc6 14. Nb3 a5 15. Be3
a4 16. Nbd2 Nb4 17. Bb1 Bd7 18. a3 Nc6 19. Bd3 Qb7 20. Qe2 Rab8 21. Rac1 Rfe8
22. dxe5 dxe5 23. Bc5 Nh5 24. Bxe7 Nf4 25. Qe3 Rxe7 26. Rc5 Nxd3 27. Qxd3 Be8
28. Rec1 b4 29. Nc4 bxa3 30. bxa3 Qb3 31. Rc3 Qb1+ 32. Qxb1 Rxb1+ 33. Kh2 Rb3
34. Nd6 Nd4 35. Rxb3 axb3 36. Rc8 Kf8 37. Rb8 Re6 38. Nf5 Nxf3+ 39. gxf3 g6 40.
Ne3 Kg7 41. Rxb3 Rc6 42. Nd5 Rc2 43. Kg3 Bd7 44. Rc3 Ra2 45. f4 exf4+ 46. Nxf4
g5 47. Nd3 Ra1 48. Nc1 Be6 49. h4 h6 50. hxg5 hxg5 51. Kf3 Rb1 52. Ke3 Kf6 53.
Kd4 Rb2 54. Nd3 Ra2 55. Ke3 Bh3 56. Nb4 Ra1 57. Nc2 Ra2 58. Kd2 Bg2 59. Ke3 Bh3
60. Kd4 Be6 61. Rf3+ Ke7 62. Rc3 Kf6 63. f3 Bh3 64. Rc6+ Be6 65. Rc3 Bh3 66. Rc5
g4 67. fxg4 Bxg4 68. Kc3 Be6 69. Ra5 Ke7 70. Ra6 Kd7 71. Rb6 Kc7 72. Rb4 Kd6 73.
Rb5 Kc7 74. Kd2 Kc6 75. Rb8 f5 76. Kc3 fxe4 77. Nb4+ Kc7 78. Nxa2 Kxb8 1/2-1/2

[Event "Druzynowe Mistrzostwa Polski - II Liga 2023"]
[Site "Jastrzebia Gora"]
[Date "1899-12-30"]
[Round "7.2"]
[White "Kosiorek, Marek"]
[Black "Malovanyi, Yulian"]
[Result "1-0"]
[WhiteTitle "m"]
[BlackTitle "FM"]
[WhiteElo "2259"]
[BlackElo "2325"]

1. Nf3 g6 2. d4 Bg7 3. e4 d6 4. Bc4 Nf6 5. Qe2 O-O 6. e5 Nfd7 7. e6 fxe6 8. Ng5
Nf6 9. Bxe6+ Kh8 10. Nf7+ Rxf7 11. Bxf7 Nc6 12. c3 e5 13. dxe5 Nxe5 14. Bb3 Bf5
15. Bc2 Qd7 16. Bxf5 Qxf5 17. O-O Re8 18. Na3 Nd3 19. Be3 Ng4 20. h3 Nxe3 21.
fxe3 Qe4 22. Rad1 Ne5 23. Rd4 Qc6 24. Qb5 Bh6 25. Re4 d5 26. Qxc6 bxc6 27. Rh4
Bxe3+ 28. Kh1 Kg8 29. Nc2 Bb6 30. Nd4 Nc4 31. Nxc6 Nxb2 32. Rhf4 Nc4 33. Rf7 Nd2
34. Re7 Rf8 35. Rxf8+ Kxf8 36. g4 Ne4 37. Rxh7 Ng5 38. Rd7 Nxh3 39. Kg2 Nf2 40.
Ne5 Ne4 41. Nxg6+ Ke8 42. Re7+ Kd8 43. c4 Nf2 44. Kf3 dxc4 45. Re2 c3 46. Nf4
Nd1 47. g5 Kd7 48. g6 Bd4 49. Nh5 Ne3 50. Rxe3 c2 51. Re1 Bb2 52. g7 1-0

[Event "Druzynowe Mistrzostwa Polski - II Liga 2023"]
[Site "Jastrzebia Gora"]
[Date "1899-12-30"]
[Round "7.3"]
[White "Janaszak, Dawid"]
[Black "Syrkiewicz, Michal"]
[Result "1-0"]
[WhiteTitle "FM"]
[BlackTitle "k"]
[WhiteElo "2302"]
[BlackElo "2041"]

1. d4 d5 2. Bf4 c5 3. e3 Nf6 4. c3 Qb6 5. Qb3 c4 6. Qc2 g6 7. Nd2 Bf5 8. Qc1 Nc6
9. h3 Bg7 10. Ngf3 O-O 11. Be2 Nd7 12. O-O e5 13. Bg3 e4 14. Ne1 Na5 15. Nc2 Be6
16. b3 cxb3 17. axb3 Rfc8 18. Qb2 Nc4 19. Bxc4 dxc4 20. b4 f5 21. Ra5 Nb8 22.
Na3 Bf7 23. Ra1 a6 24. Rc5 Rxc5 25. dxc5 Qf6 26. Rc1 Nc6 27. Naxc4 Qe7 28. Nd6
Be6 29. Qa3 h5 30. N2c4 h4 31. Bh2 Rf8 32. Na5 Nd8 33. c4 g5 34. b5 Bd7 35. c6
bxc6 36. bxa6 f4 37. a7 Nf7 38. Nab7 Ra8 39. c5 Be5 40. exf4 gxf4 41. Nxf7 Kxf7
42. Nd6+ Kg7 43. Rb1 f3 44. Bxe5+ Qxe5 45. Qa1 Kf6 46. Nc4 Qxa1 47. Rxa1 fxg2
48. Nb6 Bxh3 49. Nxa8 1-0

[Event "Druzynowe Mistrzostwa Polski - II Liga 2023"]
[Site "Jastrzebia Gora"]
[Date "1899-12-30"]
[Round "7.5"]
[White "Szyszylo, Rafal"]
[Black "Bugajski, Robert"]
[Result "0-1"]
[WhiteTitle "CM"]
[BlackTitle "FM"]
[WhiteElo "2074"]
[BlackElo "1928"]

1. e4 c5 2. Nc3 g6 3. d4 Bg7 4. dxc5 Qa5 5. Nge2 Nf6 6. f3 Qxc5 7. Qd3 Nc6 8. Be3
Qa5 9. O-O-O O-O 10. Kb1 d6 11. Nd4 Nxd4 12. Bxd4 Be6 13. Qb5 Qc7 14. Nd5 Nxd5
15. exd5 Bf5 16. Bd3 Bxd4 17. Bxf5 Bxb2 18. Kxb2 gxf5 19. Qd3 Rac8 20. g4 f4 21.
Rhe1 Qb6+ 22. Qb3 Qc7 23. Re4 Qd7 24. Rde1 Rfe8 25. Rxf4 Rc7 26. Rfe4 Rc5 27.
Ka1 Qc7 28. R1e2 a6 29. R4e3 Rb5 30. Qd3 Qb6 31. Qd1 Qc5 32. Rb3 Rxb3 33. axb3
Qc3+ 34. Kb1 Qxf3 35. Qd2 Qf1+ 36. Ka2 Qf6 37. Rf2 Qg6 38. h4 Rc8 39. h5 Qg7 40.
g5 Qc3 41. Qf4 Qa5+ 42. Kb1 Qxd5 43. g6 f5 44. Qh6 Qd1+ 45. Kb2 Qd4+ 46. Ka2 Qg7
47. gxh7+ Kh8 48. Qe6 Rc5 49. b4 Re5 50. Qc8+ Kxh7 51. h6 Qf7+ 52. Kb2 Qf6 53.
c3 f4 54. Qxb7 Re3 55. Qc6 Kxh6 56. Qh1+ Kg7 57. Qg1+ Kf7 58. Qc1 Qe5 59. Qc2
Qe4 60. Qb3+ d5 61. Ka3 f3 62. Rd2 e6 63. Qa4 Rxc3+ 64. Kb2 Rc7 65. Qb3 Rc4 66.
Ka3 Ke7 67. Rf2 Qd4 68. Rxf3 Qa1+ 0-1

[Event "Druzynowe Mistrzostwa Polski - II Liga 2023"]
[Site "Jastrzebia Gora"]
[Date "1899-12-30"]
[Round "7.6"]
[White "Michalska, Aleksandra"]
[Black "Kaczmarska, Joanna"]
[Result "1-0"]
[WhiteTitle "I++"]
[BlackTitle "k++"]
[WhiteElo "1844"]
[BlackElo "1866"]

1. e4 e5 2. Nf3 Nf6 3. Nc3 Nc6 4. Bb5 Nd4 5. Nxd4 exd4 6. e5 dxc3 7. exf6 cxd2+
8. Bxd2 Qxf6 9. O-O Be7 10. Bc3 Qg5 11. Re1 O-O 12. Re5 Qf6 13. Qe2 Bd6 14. Rh5
Qe6 15. Qd3 h6 16. Qd4 Qg6 17. Bd3 c5 18. Qh4 f5 19. Re1 b6 20. Qh3 Qg4 21. Rxh6
Qxh3 22. Rxh3 Bb7 23. Bc4+ Rf7 24. Rd3 Kf8 25. Bxf7 Kxf7 26. Rxd6 Bc6 27. f4 Rd8
28. Be5 b5 29. Re3 b4 30. Rg3 Rg8 31. Rdg6 Re8 32. Rxg7+ Ke6 33. R3g6+ Kd5 34.
Rd6+ Ke4 35. Rg3 Bb5 36. Kf2 1-0

[Event "Druzynowe Mistrzostwa Polski - II Liga 2023"]
[Site "Jastrzebia Gora"]
[Date "1899-12-30"]
[Round "7.7"]
[White "Kaczmarek, Aleksander"]
[Black "Koziorowicz, Michal"]
[Result "1-0"]
[WhiteTitle "FM"]
[BlackTitle "FM"]
[WhiteElo "2276"]
[BlackElo "2321"]

1. e4 e6 2. d4 d5 3. e5 c5 4. c3 Nc6 5. Nf3 Bd7 6. Bd3 cxd4 7. cxd4 Qb6 8. O-O
Nxd4 9. Nbd2 Nxf3+ 10. Nxf3 Bb5 11. Be3 Qa6 12. Bxb5+ Qxb5 13. Nd4 Qd7 14. h4
h5 15. Rc1 Ne7 16. Qe2 a6 17. Rc2 Nc6 18. Rfc1 Nxd4 19. Bxd4 Qa4 20. Bb6 f5 21.
Rc7 Be7 22. Rxb7 g6 23. Qe3 Qxh4 24. Rcc7 Bf8 25. Qc1 1-0

[Event "Druzynowe Mistrzostwa Polski - II Liga 2023"]
[Site "Jastrzebia Gora"]
[Date "1899-12-30"]
[Round "7.8"]
[White "Marczuk, Dominik"]
[Black "Szewczyk, Mariusz"]
[Result "1-0"]
[WhiteTitle "FM"]
[BlackTitle "k"]
[WhiteElo "2253"]
[BlackElo "2134"]

1. e4 e5 2. Nf3 Nc6 3. Bc4 Bc5 4. O-O Nf6 5. d3 d6 6. c3 Bb6 7. Nbd2 h6 8. Bb3
a6 9. Re1 O-O 10. Nf1 Ne7 11. Ng3 Ng6 12. h3 Re8 13. d4 Be6 14. Bc2 Nh7 15. Be3
Ng5 16. Nf5 f6 17. h4 Nf7 18. Nh2 Ne7 19. Nf1 Kh7 20. N1g3 g6 21. Nxe7 Qxe7 22.
h5 g5 23. Bb3 Nd8 24. d5 Bc8 25. Bxb6 cxb6 26. a4 g4 27. Bc4 Rg8 28. Be2 Nf7 29.
Qd2 Rg5 30. Qe3 Qc7 31. Rec1 Bd7 32. b4 Kg7 33. c4 Rc8 34. a5 bxa5 35. Rxa5 Bb5
36. Raa1 Bd7 37. c5 Rb8 38. Qc3 Kf8 39. c6 Be8 40. cxb7 Qxc3 41. Rxc3 Rxb7 42.
Rxa6 Bd7 43. b5 Ke7 44. b6 Rg8 45. Ra7 Rgb8 46. Ba6 Rxa7 47. bxa7 Ra8 48. Rc7
Ke8 49. Nf5 Bxf5 50. exf5 Nd8 51. Bb5+ Kf8 52. Bc6 Nxc6 53. dxc6 1-0

[Event "Druzynowe Mistrzostwa Polski - II Liga 2023"]
[Site "Jastrzebia Gora"]
[Date "1899-12-30"]
[Round "7.9"]
[White "Litner, Igor"]
[Black "Chmiel, Marcin"]
[Result "1-0"]
[WhiteTitle "I++"]
[BlackTitle "k+"]
[WhiteElo "1954"]
[BlackElo "2184"]

1. d4 d5 2. c4 c6 3. e3 Nf6 4. Nc3 e6 5. Nf3 Nbd7 6. b3 Bb4 7. Bd2 O-O 8. Bd3 dxc4
9. Bxc4 b5 10. Be2 Bb7 11. O-O Qe7 12. a4 a6 13. Na2 Bd6 14. b4 Ne4 15. Rb1 f5
16. Bd3 Rf6 17. Qc2 Rh6 18. h3 Nxd2 19. Qxd2 c5 20. Be2 c4 21. axb5 axb5 22. Nc3
Bc6 23. d5 exd5 24. Nxb5 Rf8 25. Nxd6 Qxd6 26. Rfd1 Nf6 27. Bxc4 Ne4 28. Qc2 Kh8
29. Bd3 Qf6 30. b5 Bb7 31. Rdc1 f4 32. exf4 Qxf4 33. Qc7 Nd6 34. Qe7 Rhf6 35.
Qe3 Qa4 36. Rc7 d4 37. Qg5 Rg8 38. Qxf6 Bxf3 39. Qxf3 1-0

[Event "Druzynowe Mistrzostwa Polski - II Liga 2023"]
[Site "Jastrzebia Gora"]
[Date "1899-12-30"]
[Round "7.10"]
[White "Dylag, Emilia"]
[Black "Rzeszowski, Dominik"]
[Result "1/2-1/2"]
[WhiteTitle "WFM"]
[BlackTitle "I++"]
[WhiteElo "2169"]
[BlackElo "1940"]

1. d4 Nf6 2. c4 c5 3. d5 b5 4. Nf3 g6 5. Qc2 b4 6. e4 d6 7. Bd3 Bg7 8. O-O O-O
9. h3 e5 10. dxe6 Bxe6 11. Bf4 Nc6 12. Nbd2 Qc7 13. Bh2 Nd7 1/2-1/2

[Event "Druzynowe Mistrzostwa Polski - II Liga 2023"]
[Site "Jastrzebia Gora"]
[Date "1899-12-30"]
[Round "7.11"]
[White "Powalka, Michal"]
[Black "Owoc, Jakub"]
[Result "0-1"]
[WhiteTitle "I++"]
[BlackTitle "I+"]
[WhiteElo "1943"]
[BlackElo "1915"]

1. e4 c6 2. Nc3 d5 3. Nf3 Bg4 4. h3 Bxf3 5. Qxf3 e6 6. d3 Nd7 7. Bd2 Qb6 8. Rb1
Bd6 9. Qg4 g6 10. Be2 O-O-O 11. exd5 f5 12. Qa4 exd5 13. d4 Ngf6 14. O-O Rde8
15. Bd3 a6 16. Ne2 Re7 17. c4 dxc4 18. Bxc4 Rhe8 19. Ba5 Qa7 20. Qd1 Nb6 21. Bxb6
Qxb6 22. Nc3 Ne4 23. Qd3 Bf4 24. Ne2 Bb8 25. g3 Ng5 26. Nf4 Re4 27. d5 Rd4 28.
Qc3 Bxf4 29. gxf4 Rxf4 30. Qg3 Nxh3+ 31. Qxh3 Rxc4 32. dxc6 Rg4+ 33. Kh1 Ree4
34. cxb7+ Qxb7 35. Rbc1+ Kb8 36. Qh2+ Ref4+ 37. f3 Rh4 0-1

[Event "Druzynowe Mistrzostwa Polski - II Liga 2023"]
[Site "Jastrzebia Gora"]
[Date "1899-12-30"]
[Round "7.12"]
[White "Jedrocha, Katarzyna"]
[Black "Bebnik, Malgorzata"]
[Result "1/2-1/2"]
[WhiteTitle "k"]
[BlackTitle "I++"]
[WhiteElo "1976"]
[BlackElo "1842"]

1. e4 c5 2. c3 d6 3. d4 cxd4 4. cxd4 Nf6 5. Nc3 g6 6. Nf3 Bg7 7. h3 O-O 8. Be3
Nc6 9. Be2 Re8 10. O-O e5 11. dxe5 dxe5 12. Bb5 Qc7 13. Rc1 Rd8 14. Qa4 Be6 15.
Ng5 Qc8 16. Ne2 Bd7 17. Qb3 Be8 18. Bxc6 bxc6 19. Nc3 Qa6 20. Qc2 h6 21. Nf3 Nh5
22. b3 Nf4 23. Rcd1 Ne6 24. Na4 Nd4 25. Nxd4 exd4 26. Nc5 Qb5 27. Bf4 Bf8 28.
Nd3 c5 29. Rc1 Rac8 30. Rfd1 Bd7 31. Ne5 Be6 32. Nc4 Kh7 33. Qd2 Kh8 1/2-1/2